Quizzes
Events
Quiz Creation
Community
Videos
Private Events
Remove Ads
Sign In
Join for FREE
Feedback
Dark Mode
Quiz Categories
Sports
Geography
Music
Movies
Television
Just For Fun
Miscellaneous
History
Literature
Language
Science
Gaming
Entertainment
Religion
Holiday
For Kids
Quiz Lab
Recent
Popular Today
Quiz Kudos Today
Editor Picks
Curator Picks
Quizzes by...
Day
Popularity
Type
Ratings
Length
Year
Community
Subscriptions
Recent Discussions
Orange Saloon
Badges
Playlists
Quests
Create
Leaderboards
Showdown
Live 5
Trivia Bingo
Activity
Puzzle Library
Sporcle Events
Private Events
Virtual Trivia
Globe League
Become a Host
Pub Owners
SporcleCon
Opinionation
Our Games
Videos
Blog
Mobile Apps
Partnerships
Remove Ads and Go Orange
Feedback
Television
TV Characters
TV Show
Sitcom
Network
Friends
Reality Shows
Cast
South Park
Star Trek
The Simpsons
Doctor Who
Television
TV Characters
TV Show
Sitcom
Network
Friends
Reality Shows
Cast
South Park
Star Trek
The Simpsons
Doctor Who
Random Quiz
Search Sporcle
×
Quiz Lab
Quiz Lab
Television
Song
Type in answers that appear in a list
Type in answers that appear in a list
Classic
Best Score? Go Orange.
SASUKE Competitors By Theme Song Stats
Can you name the SASUKE competitors by their theme songs?
By
yamfriend
8m
27 Questions
92 Plays
92 Plays
92 Plays
Comments
Comments
Give Quiz Kudos
Give Quiz Kudos
-
- Ratings
hide this ad
Forced Order
Answers have to be entered in order
Answers have to be entered in order
Replay
Link that replays current quiz
Next Quiz
Link to next quiz in quiz playlist
You Got
0%
They Got
Avg Score
54%
Avg Friend Score
Upgrade to see
Score Distribution
Jump to the score distribution portion of the page
Score
0/27
Timer
08:00
0
Plays Today
Time Interval
Competitor
% Correct
0:07-
0:17
Nagano Makoto
95.7%
1:19-
1:28
Takeda Toshihiro
73.9%
0:00-
0:07
Iketani Naoki
71.7%
1:45-
1:54
Yamamoto Shingo
70.7%
3:04-
3:16
Yamada Katsumi
70.7%
2:56-
3:04
Akiyama Kazuhiko
63%
2:47-
2:56
Urushihara Yuuji
62%
3:43-
3:52
Kanno Hitoshi
60.9%
2:22-
2:30
Hashimoto Koji
58.7%
0:35-
0:45
David Campbell
56.5%
0:54-
1:03
Matachi Ryo
56.5%
3:16-
3:26
Li En Zhi
56.5%
1:11-
1:19
Okuyama Yoshiyuki
54.3%
1:37-
1:45
Komiya Rie
54.3%
Time Interval
Competitor
% Correct
0:17-
0:26
Nakayama Kinnikun
53.3%
1:28-
1:37
Harashima Masami
53.3%
2:13-
2:22
Levi Meeuwenberg
52.2%
1:03-
1:11
Kobayashi Shinji
48.9%
3:35-
3:43
Nagasaki Shunsuke
46.7%
0:45-
0:54
Kawahara Takuya
43.5%
0:26-
0:35
Wakky
42.4%
2:30-
2:38
Nagasaki Takamasa
40.2%
1:54-
2:03
Nakata Daisuke
39.1%
2:03-
2:13
Nomura Masaki
39.1%
2:38-
2:47
Sato Jun
39.1%
3:52-
4:02
Ishimaru Kenjiro
38%
3:26-
3:35
Sato Hiromichi
34.8%
Quiz Playlist
Details
Report
Send in Message
Add To Playlist
Classic:
Type in answers that appear in a list
Forced Order:
Answers have to be entered in order
Last Updated: Feb 16, 2017
Quiz Scoreboard
CHALLENGE
Sign Up to Join the Scoreboard
Show All
Scores
Hide
Comments
May contain spoilers
Recently Published
College Basketball Coaching Resumes
by pancakes188
Sports
9m
Billboard Blitz: Fleetwood Mac
by CooCooCachoo
Music
15s
Presidents Visiting Landmarks
by Hejman
History
7m
More to Explore
Quiz From the Vault
Featured Blog Post
Where Did the Easter Bunny Come From?
hide this ad
You Might Also Like...
Tags
Song Quiz
competitor
Interval
sasuke
theme
Today's Top Quizzes in Television
Browse Television
hide this ad
Today's Top Quizzes in Song
Browse Song
Top Contributed Quizzes in Television
1
5-to-1: The Simpsons Families
2
5-to-1: Television Doctors
3
7-to-1: TV Show Settings
4
5-to-1: Streaming Originals
5
Adjectives in 00s TV Shows
6
One Piece Logic Puzzle
7
Survivor Seasons
8
Adjectives in 80s TV Shows
9
All US Survivor Seasons in Order
10
Adjectives in 10s TV Shows
Explore More
Trending Topics
Anime
Kpop
Disney
Crossword
NBA
Marvel
Harry Potter
Puzzle
Soccer
NFL
Country
Song
The Office
WWE
Pokémon
hide this ad
More By:
yamfriend
Quiz
Plays
Rating
Category
Featured
Created
SASUKE Typing Challenge!
2,107
4.00
Television
Aug 11, 2011
SASUKE Stage 1 Obstacles
425
Television
Nov 28, 2010
SASUKE Stage 3 Obstacles
364
Television
Dec 1, 2010
SASUKE Tournament Blitz!
349
Television
Jun 16, 2011
The Best Result
341
Television
Nov 30, 2010
Go to Creator's Profile
Score Distribution
Quiz Creator Spotlight
yamfriend
Follow
Send a Message
Quizzes Created
-
Created Quiz Play Count
-
More By This Creator
Popular Quizzes Today
1
Find the US States - No Outlines Minefield
2
Find the Countries of Europe - No Outlines Minefield
3
The Countries of the World
4
Find the US States
5
Risky Map Clicking: Biggest States A-Z
6
US States
7
Popular People in 1961
8
Movies - When Are They Set?
More Television Quizzes
Acrostic: Scooby-Doo
Quiz Lab
Trending Quizzes
Risky Map Clicking: Least Populous States A-Z
1-10 Letter G Words
1-10 Letter F Words
Risky Map Clicking: Next State Alphabetically
Risky Map Clicking: Biggest States A-Z
Recently Updated
Leaping Animals
pecheneg
Reality TV Shows (A-Z)
bhenderson79
Rickey Henderson's Hall of Fame Teammates
pecheneg
Champions League XIs: Arsenal
pecheneg
Quick Pick: Celebrities in WWE's Hall of Fame
aduchscher
A-Z Keypad Blitz II
pecheneg
Multiple Oscar Actors
pecheneg
Mystery Phrase Blitz: Oscar 'Best Actors'
pecheneg
F. Scott Fitzgerald Novels
LTH
Pick 3 Villains
ddd62291
Trending Topics
Crossword
Marvel
Anime
NBA
Kpop
Disney
Harry Potter
Soccer
Song
WWE
Pokémon
The Office
NFL
Puzzle
Country
Your Account Isn't Verified!
In order to create a playlist on Sporcle, you need to verify the email address you used during registration. Go to your
Sporcle Settings
to finish the process.
Report this User
Report this user for behavior that violates our
Community Guidelines
.
Details:
Send Report
Go to the Sporcle.com Mobile Site →
Comments